Diseño, aplicación y análisis de una encuesta para conocer la opinión de alumnos sobre la actividad docente de los profesores del Instituto de Matemáticas de la Universidad Católica de Valparaíso

Saved in:
書目詳細資料
Main Authors: Garrido Poblete, Ruth Mónica (Author), Iturrieta Serra, Paz (Author), Siervo M., Carolina (Author)
格式: 圖書
語言:西班牙语
出版: Valparaíso Universidad Católica de Valparaíso 1996
主題:
標簽: 添加標簽
沒有標簽, 成為第一個標記此記錄!

MARC

LEADER 00000nam a2200000 a 4500
001 UCP7189
003 CL-VaPUC
008 991203e19960000CL |||||||||||||||||spa|d
082 0 4 |a 519.5  |b GAR  |2 21 
100 |a Garrido Poblete, Ruth Mónica  |e author  |9 774877 
700 |a Iturrieta Serra, Paz  |e author  |9 848468 
700 0 |a Siervo M., Carolina  |e author  |9 436634 
245 1 0 |a Diseño, aplicación y análisis de una encuesta para conocer la opinión de alumnos sobre la actividad docente de los profesores del Instituto de Matemáticas de la Universidad Católica de Valparaíso 
300 |a p.irreg 
942 |c BK 
945 |d 19991203 00:00:00  |a rbrito 
260 |a Valparaíso  |b Universidad Católica de Valparaíso  |c 1996 
500 |a Taller de Estadística, prof. guía: Inés Guerrero Santana 
650 0 |a Análisis estadístico  |9 269506 
650 0 |a Estadística matemática  |9 260028 
650 0 |a Educación superior   |9 223851 
650 0 |a Evaluación docente  |9 382859 
583 |a last modification  |c 20130403 01:39:48  |k Rodrigo Vera 
999 |c 284503  |d 284501 
952 |0 0  |1 2  |4 0  |6 519_500000000000000_GAR_1996  |7 0  |8 F  |9 328567  |a BIBGIM  |b BIBGIM  |d 2019-11-20  |i 3572528  |o 519.5 GAR 1996  |p 3572528  |r 2019-11-20  |w 2019-11-20  |y BK_F  |k EST